000 00487nam a2200157 u 4500
001 000046615
005 20201002053013.0
008 170131s2009 mx r 000 0 eng d
020 _a9786071102263
040 _aDO-SdBNP
_bspa
_cBNPHU
100 1 _aNeuman, Andrés
_d1977-
_974614
245 1 3 _aEl viajero del siglo /
_cAndrés Neuman.
260 _aMéxico :
_bAlfaguara,
_c2009.
300 _a531 p. ;
_c26 cm.
500 _aIncluye datos biográficos del autor en la solapa de la cubierta
999 _c46104
_d46104